书目信息 |
| 题名: |
测量工、钢筋工、模板工实训指导书
|
|
| 作者: | 王洪利 , 张仁 主编 | |
| 分册: | ||
| 出版信息: | 北京 中国水利水电出版社 2014 |
|
| 页数: | 150页 | |
| 开本: | 26cm | |
| 丛书名: | ||
| 单 册: | ||
| 中图分类: | TU198 , TU755.3 | |
| 科图分类: | ||
| 主题词: | 建筑测量--中等专业教育--教材 , 建筑工程--钢筋--工程施工--中等专业教育--教材 , 建筑测量 , 建筑工程 , 模板--建筑工程--工程施工--中等专业教育--教材 , 模板 , 钢筋 | |
| 电子资源: | ||
| ISBN: | 978-7-5170-2051-6 | |
| 000 | 01399nam0 2200325 450 | |
| 001 | 141688 | |
| 005 | 20141111121120.10 | |
| 010 | @a978-7-5170-2051-6@dCNY 25.00 | |
| 100 | @a20140801d2014 em y0chiy50 ea | |
| 101 | 0 | @achi |
| 102 | @aCN@b110000 | |
| 105 | @aa z 000yy | |
| 200 | 1 | @a测量工、钢筋工、模板工实训指导书@9ce liang gong、gang jin gong、mu ban gong shi xun zhi dao shu@b专著@f张仁,王洪利主编 |
| 210 | @a北京@c中国水利水电出版社@d2014 | |
| 215 | @a150页@c图@d26cm | |
| 300 | @a国家中等职业教育改革发展示范校建设系列教材 | |
| 330 | @a本书分为“测量工”、“钢筋工”、“模板工”三个部分。其中:“测量工”包括测量职业道德、高程控制测量、平面控制测量、挡水建筑物的测量、输水建筑物测量、开挖与填筑测量、金属结构与机电设备安装测量7个实训任务;“钢筋工”包括实训动员、钢筋图识读、钢筋翻样及编制配料单、钢筋加工、钢筋安装、质量与安全、实训工具介绍和基本知识7个实训任务;“模板工”包括模板的认识、模板的组拼和模板工实训指导3个实训任务。 | |
| 606 | 0 | @a建筑测量@x中等专业教育@j教材 |
| 606 | 0 | @a建筑工程@x钢筋@x工程施工@x中等专业教育@j教材 |
| 606 | 0 | @a建筑测量 |
| 606 | 0 | @a建筑工程 |
| 606 | 0 | @a模板@x建筑工程@x工程施工@x中等专业教育@j教材 |
| 606 | 0 | @a模板 |
| 606 | 0 | @a钢筋 |
| 690 | @aTU198@v5 | |
| 690 | @aTU755.3@v5 | |
| 701 | 0 | @a王洪利@9wang hong li@4主编 |
| 701 | 0 | @a张仁@9zhang ren@c(工程测量)@4主编 |
| 801 | 0 | @c20141111 |
| 905 | @a241430@dTU198@eZ155 | |
| 测量工、钢筋工、模板工实训指导书/张仁,王洪利主编.-北京:中国水利水电出版社,2014 |
| 150页:图;26cm |
| 国家中等职业教育改革发展示范校建设系列教材 |
| ISBN 978-7-5170-2051-6:CNY 25.00 |
| 本书分为“测量工”、“钢筋工”、“模板工”三个部分。其中:“测量工”包括测量职业道德、高程控制测量、平面控制测量、挡水建筑物的测量、输水建筑物测量、开挖与填筑测量、金属结构与机电设备安装测量7个实训任务;“钢筋工”包括实训动员、钢筋图识读、钢筋翻样及编制配料单、钢筋加工、钢筋安装、质量与安全、实训工具介绍和基本知识7个实训任务;“模板工”包括模板的认识、模板的组拼和模板工实训指导3个实训任务。 |
| ● |
| 相关链接 |
|
|
|
正题名:测量工、钢筋工、模板工实训指导书
索取号:TU198/Z155
 
预约/预借
| 序号 | 登录号 | 条形码 | 馆藏地/架位号 | 状态 | 备注 |
| 1 | 0838680 | 208386806 | 建筑库101/101建筑库 29排1列3层/ [索取号:TU198/Z155] | 在馆 | |
| 2 | 0838681 | 208386815 | 土木与交通工程学院资料室/101建筑库 3排1列4层/ [索取号:TU198/Z155] | 在馆 | |
| 3 | 0838682 | 208386824 | 建筑库101/101建筑库 29排1列3层/ [索取号:TU198/Z155] | 在馆 |